<?xml version='1.0' encoding='UTF-8'?>
  <record xmlns="http://www.loc.gov/MARC21/slim">
    <leader>00000cam a22000007i 4500</leader>
    <controlfield tag="001">ocm64497316</controlfield>
    <controlfield tag="003">OCoLC</controlfield>
    <controlfield tag="005">20250720175548.4</controlfield>
    <controlfield tag="008">870501s1860    ne            000 0 dut d</controlfield>
    <datafield tag="040" ind1=" " ind2=" ">
      <subfield code="a">NLGGC</subfield>
      <subfield code="b">dut</subfield>
      <subfield code="e">fobidrtb</subfield>
      <subfield code="c">NLGGC</subfield>
      <subfield code="d">OCLCO</subfield>
      <subfield code="d">MYX</subfield>
      <subfield code="d">OCLCL</subfield>
      <subfield code="d">OCLCQ</subfield>
    </datafield>
    <datafield tag="029" ind1="0" ind2=" ">
      <subfield code="a">NLGGC</subfield>
      <subfield code="b">037799649</subfield>
    </datafield>
    <datafield tag="035" ind1=" " ind2=" ">
      <subfield code="a">(OCoLC)64497316</subfield>
    </datafield>
    <datafield tag="060" ind1=" " ind2="4">
      <subfield code="a">WW 300 S921 1860</subfield>
    </datafield>
    <datafield tag="245" ind1="0" ind2="0">
      <subfield code="a">Ametropie en hare gevolgen /</subfield>
      <subfield code="c">ter herinnering aan het vijftigjarig jubileum van den hoogleeraar B.F. Suerman uitgeg. door F.C. Donders.</subfield>
    </datafield>
    <datafield tag="260" ind1=" " ind2=" ">
      <subfield code="a">Utrecht :</subfield>
      <subfield code="b">C. van der Post, Jr ;</subfield>
      <subfield code="a">Amsterdam :</subfield>
      <subfield code="b">C.G. van der Post,</subfield>
      <subfield code="c">1860.</subfield>
    </datafield>
    <datafield tag="300" ind1=" " ind2=" ">
      <subfield code="a">XII, 133 p., 3 bl. pl. :</subfield>
      <subfield code="b">ill. ;</subfield>
      <subfield code="c">23 cm.</subfield>
    </datafield>
    <datafield tag="336" ind1=" " ind2=" ">
      <subfield code="a">tekst</subfield>
      <subfield code="b">txt</subfield>
      <subfield code="2">rdacontent/dut</subfield>
    </datafield>
    <datafield tag="337" ind1=" " ind2=" ">
      <subfield code="a">zonder medium</subfield>
      <subfield code="b">n</subfield>
      <subfield code="2">rdamedia/dut</subfield>
    </datafield>
    <datafield tag="338" ind1=" " ind2=" ">
      <subfield code="a">band</subfield>
      <subfield code="b">nc</subfield>
      <subfield code="2">rdacarrier/dut</subfield>
    </datafield>
    <datafield tag="530" ind1=" " ind2=" ">
      <subfield code="a">Titel is gedigitaliseerd voor de Universiteit van Amsterdam in het kader van Metamorfoze.</subfield>
    </datafield>
    <datafield tag="700" ind1="1" ind2=" ">
      <subfield code="a">Suerman, Bernardus Franciscus,</subfield>
      <subfield code="d">1783-1862.</subfield>
      <subfield code="1">https://id.oclc.org/worldcat/entity/E39PBJw8WVQY6BbGB4VXqQ4H4q</subfield>
    </datafield>
    <datafield tag="700" ind1="1" ind2=" ">
      <subfield code="a">Donders, F.C.</subfield>
      <subfield code="q">(Franciscus Cornelis),</subfield>
      <subfield code="c">medicus, botanicus,</subfield>
      <subfield code="d">1818-1889.</subfield>
      <subfield code="1">https://id.oclc.org/worldcat/entity/E39PBJht7wb7YmB6wHmfhHKcfq</subfield>
    </datafield>
    <datafield tag="758" ind1=" " ind2=" ">
      <subfield code="a">Ametropie en hare gevolgen (Text)</subfield>
      <subfield code="1">https://id.oclc.org/worldcat/entity/E39PCGYwDFPghVkM8FpTYg7x9P</subfield>
      <subfield code="4">https://id.oclc.org/worldcat/ontology/hasWork</subfield>
    </datafield>
    <datafield tag="776" ind1="0" ind2=" ">
      <subfield code="t">Ametropie en hare gevolgen</subfield>
      <subfield code="w">(NL-LeOCL)395290856</subfield>
    </datafield>
    <datafield tag="776" ind1="0" ind2=" ">
      <subfield code="t">Ametropie en hare gevolgen</subfield>
      <subfield code="w">(NL-LeOCL)399574786</subfield>
    </datafield>
    <datafield tag="776" ind1="0" ind2=" ">
      <subfield code="t">Ametropie en hare gevolgen</subfield>
      <subfield code="w">(NL-LeOCL)425895483</subfield>
    </datafield>
    <datafield tag="936" ind1=" " ind2=" ">
      <subfield code="a">BATCHLOAD</subfield>
    </datafield>
  </record>